| 000 | 00442pab a2200169 454500 | ||
|---|---|---|---|
| 008 | 180718b2004-2005 xxu||||| |||| 00| 0 eng d | ||
| 100 | _aGupta, Sudakshiha | ||
| 245 | _aThe viability condition for a polluting firm | ||
| 260 | _c2004-2005 | ||
| 300 | _ap.147-54. | ||
| 362 | _aOct-Mar | ||
| 650 | _aAir pollution | ||
| 650 | _aEnviropnmental pollution | ||
| 650 | _aPollution | ||
| 773 | _aIndian Economic Journal | ||
| 909 | _a67512 | ||
| 999 |
_c67512 _d67512 |
||